000 00787nam a2200265 i 4500
001 14851
003 ES-MaACL
005 20231215063504.0
007 t|
008 990622s1999 sp ||||1| spa d
020 _a84-7490-526-5
080 _a946.0"1936/39"
080 _a946.0"1931/39"
100 1 _aMoa, Pío
_d1948-
_eaut
_9226432
245 1 4 _aLos orígenes de la guerra civil española /
_cPío Moa.
260 _aMadrid :
_bEncuentro,
_c[1999]
300 _a447 p. ;
_c23 cm.
490 1 _aEnsayos ;
_v154
651 4 _aEspaña-
_xHistoria-
_y1936-1939, Guerra civil.
_98292
651 4 _aEspaña-
_xHistoria-
_y1931-1939, II República.
_98283
830 1 _aEnsayos ;
_v154
_9176633
852 4 _aES-MaACL
_jL-22067
942 _2udc
999 _c14851
_d14851